Largest California Satellite Cities - Statistics

General Stats
  • This quiz has been taken 30 times
  • The average score is 16 of 30
Answer Stats
Answer Population Core City % Correct
Long Beach 467,638 Los Angeles
93%
Anaheim 348,936 Los Angeles
85%
Santa Ana 307,367 Los Angeles
85%
Irvine 326,730 Los Angeles
78%
San Bernardino 224,537 Riverside
74%
Chula Vista 281,801 San Diego
70%
Pasadena 139,015 Los Angeles
63%
Corona 158,088 Los Angeles
59%
Glendale 197,507 Los Angeles
59%
Fremont 233,788 Oakland
56%
Santa Clarita 239,143 Los Angeles
56%
Huntington Beach 200,455 Los Angeles
52%
Moreno Valley 211,688 Riverside
52%
Oceanside 175,464 San Diego
48%
Ontario 177,533 Riverside
48%
Fullerton 145,309 Los Angeles
44%
Orange 140,611 Los Angeles
44%
Palmdale 172,790 Los Angeles
44%
Pomona 152,245 Los Angeles
44%
Sunnyvale 158,949 San Jose
44%
Torrance 147,393 Los Angeles
44%
Elk Grove 180,746 Sacramento
41%
Escondido 152,464 San Diego
41%
Fontana 210,857 Riverside
41%
Garden Grove 172,163 Los Angeles
41%
Lancaster 176,892 Los Angeles
41%
Hayward 166,708 Oakland
37%
Rancho Cucamonga 176,289 Riverside
37%
Roseville 153,569 Sacramento
37%
Victorville 138,592 Riverside
37%
No matching quizzes found
Score Distribution
Percent of People with Each Score
Percentile by Number Answered
Your Score History
You have not taken this quiz